Servicio social y delincuencia
-д хадгалсан:
| Үндсэн зохиолч: | |
|---|---|
| Формат: | Ном |
| Хэл сонгох: | испани |
| Хэвлэсэн: |
Madrid
Aguilar
1973
|
| Нөхцлүүд: | |
| Шошгууд: |
Шошго нэмэх
Шошго байхгүй, Энэхүү баримтыг шошголох эхний хүн болох!
|
MARC
| LEADER | 00000nam a2200000 a 4500 | ||
|---|---|---|---|
| 001 | UCQ1288 | ||
| 003 | CL-VaPUC | ||
| 008 | 980709e19730000SP |||||||||||||||||spa|d | ||
| 082 | 0 | 4 | |a 364 |b BRA |2 21 |
| 100 | 0 | |a Bray, L. de |e author |9 415026 | |
| 245 | 1 | 0 | |a Servicio social y delincuencia |
| 300 | |a 345 p | ||
| 942 | |c BK | ||
| 945 | |d 19980709 00:00:00 |a crobeson | ||
| 260 | |a Madrid |b Aguilar |c 1973 | ||
| 650 | 0 | |a Criminología |9 256168 | |
| 650 | 0 | |a Delincuencia |9 335739 | |
| 650 | 0 | |a Trabajo social |9 307856 | |
| 650 | 7 | |a DERECHO PENAL |2 CL-VaPUC |9 11 | |
| 650 | 7 | |a ESTUDIOS SOCIALES |2 CL-VaPUC |9 340022 | |
| 650 | 7 | |a CRIMINALES |2 CL-VaPUC |9 322996 | |
| 650 | 0 | |a Asistentes sociales |9 402315 | |
| 583 | |a last modification |c 19980709 00:00:00 |k Rodrigo Vera | ||
| 999 | |c 272291 |d 272289 | ||
| 952 | |0 0 |1 0 |4 0 |6 364_000000000000000_BRA_1973 |7 0 |8 A |9 307186 |a BIBGIM |b BIBGIM |d 2019-11-20 |i 1435000 |o 364 BRA 1973 |p 1435000 |r 2025-01-15 |w 2019-11-20 |y BK |k SSL | ||